| 000 | 01020cam a2200277 4500 | ||
|---|---|---|---|
| 001 | 14593 | ||
| 005 | 20230410101628.0 | ||
| 008 | 060907s1976 wiu eng | ||
| 020 | _a029906980X | ||
| 035 | _9funglode14716 | ||
| 041 | _aeng | ||
| 050 | 1 | 4 |
_a110 E 183.8 _bH434g 1976 |
| 082 | 0 | 0 | _a327.73/07294 |
| 100 | 1 |
_aHealy, David, _d1926- |
|
| 245 | 1 | 0 |
_aGunboat diplomacy in the WIlson Era : _bthe U.S. navy in Haiti, 1915-1916 / _cDavid Healy |
| 260 |
_aMadison : _bThe University of Wisconsin Press, _c1976 |
||
| 300 |
_ax, 268 p., [4] leaves of plates : _bill. ; _c23 cm. |
||
| 651 | 0 |
_aUnited States _xForeign relations _zHaiti. |
|
| 651 | 0 |
_aHaiti _xForeign relations _zUnited States. |
|
| 651 | 0 |
_aHaiti _xHistory _yAmerican occupation, 1915-1934. |
|
| 651 | 0 |
_aUnited States _xForeign relations _y1913-1921. |
|
| 651 | 4 |
_aEstados Unidos _xRelaciones exteriores _zHaiti. |
|
| 651 | 4 |
_aHaiti _xRelaciones exteriores _zEstados Unidos. |
|
| 651 | 4 |
_aHaità _yOcupación americana, 1915-1934. |
|
| 942 |
_2lcc _cbk |
||
| 999 |
_c11241 _d11241 |
||